| 000 | 01925nam0a2200361 4500 | ||
|---|---|---|---|
| 001 | RU\NLR\BIBL_A\012827409 | ||
| 005 | 20220908141724.0 | ||
| 010 | _a978-5-0056-1938-9 | ||
| 021 |
_aRU _bКН-П-22-020461 _9КН-П-22-1751 |
||
| 035 | _a(NLR Aleph) 012827409 | ||
| 035 | _a(RuMoRGB)011026592 | ||
| 090 |
_a12344208 _c12344208 |
||
| 100 | _a20220623d2022 u y0rusy50 ca | ||
| 101 | 0 | _arus | |
| 102 | _aRU | ||
| 105 | _ay z 000gy | ||
| 181 | 0 |
_ai4 _baxxe |
|
| 182 | 0 | _an | |
| 200 | 1 |
_aЯ подарю тебе свою любовь _eлюбовная лирика _fЛидия Геннадьевна Иксанова |
|
| 203 |
_aТекст _bвизуальный _cнепосредственный |
||
| 210 |
_a[Б. м.] _cИздательские решения _d2022 |
||
| 215 |
_a169 с. _d21 |
||
| 300 | _aНа 4-й с. обл. авт.: Л. Г. Иксанова, поэт, прозаик, драматург | ||
| 330 | _aЛидия Иксанова - поэт-лирик, её любовная лирика является украшениеем не только её поэтического творчества, но и марийской и русской поэзии. У автора шесть поэтических сборников. На её стихи написано около двухсот песен, она является автором текстов песен к первому марийскому мюзиклу "Юмынудыр" ("Дочь бога"). В данном сборнике представлены стихотворения о любви | ||
| 333 | _a18+ | ||
| 675 |
_a821.161.1-1 _v4 |
||
| 686 | 2 | _aШ6(2=Р)8-5 | |
| 700 | 1 |
_aИксанова _bЛ. Г. _f1966- _gЛидия Геннадьевна |
|
| 942 | _cBOOK | ||
| 980 | _aNB | ||